01483nam a2200385 i 450000100060000000300080000600500170001400600190003100700150005000800410006502000260010603500220013204000310015405000210018508000140020608200160022010000330023624501070026926400430037630000580041933600310047733700330050833800430054149000360058450400290062058800830064959001620073265000220089465000190091665500270093579700180096283000370098085600630101799900170108092357FINmELB20241217172116.0m o u cr cn|||||||||200620s2019 sp a ob 000 0 spa d a9788436838787qe-book a(OCoLC)1161601217 aFINmELBbspaerdacFINmELB14aHB615bG984 2019 a658.016.104a658.4212231 aGutiérrez Conde, Julián.10aAtrapados por el futuro :bcuando el mundo hizo Łcrac! y todo cambió /cJulián Gutiérrez Conde. 1aMadrid :bEdiciones Pirámide,c2019. a1 recurso en línea (349 páginas) :bilustraciones atextobtxt2rdacontent/spa acomputadorabc2rdamedia/spa arecurso en líneabcr2rdacarrier/spa1 aColección Empresa y gestión aContiene bibliografía. aDescripción basada en metadatos suministrados por el editor y otras fuentes. aRecurso electrónico. Santa Fe, Arg.: elibro, 2019. Disponible vía World Wide Web. El acceso puede estar limitado para las bibliotecas afiliadas a elibro. 0aEntrepreneurship. 4aEmprendedores. 4aLibros electrónicos.2 aelibro, Corp. 0aColección Empresa y gestión.40uhttps://elibro.net/ereader/politecnicointernacional/123047 c92357d92357